Normal view MARC view

Entry Nombre personal

Number of records used in: 6

001 - NÚMERO DE CONTROL

  • campo de control: 113597

003 - IDENTIFICADOR DE NÚMERO DE CONTROL

  • campo de control: SpMaBN

005 - FECHA Y HORA DE LA ÚLTIMA TRANSACCIÓN

  • campo de control: 20231204191415.0

008 - ELEMENTOS DE DATO DE LONGITUD-FIJA

  • campo de control de longitud fija: 901120n| aijnnaabn a aaa

016 ## - NÚMERO DE CONTROL DE UNA AGENCIA BIBLIOGRÁFICA NACIONAL

  • Número de control del registro: BNE19900147372

024 7# - IDENTIFICADOR DE OTROS ESTÁNDARES

  • Número estándar o código: http://viaf.org/viaf/86699968/
  • Fuente: viaf

024 7# - IDENTIFICADOR DE OTROS ESTÁNDARES

  • Número estándar o código: https://isni.org/isni/0000000059682051
  • Fuente: isni

040 ## - FUENTE DE CATALOGACIÓN

  • Centro catalogador/agencia de origen: SpMaBN
  • Lengua de catalogación: spa
  • Centro/agencia transcriptor: SpMaBN
  • Normas de descripción: rdc
  • Convención/Normas de encabezamiento de materia/tesauro: embne

046 ## - FECHAS CON CODIFICACIÓN ESPECIAL

  • Fecha de nacimiento: 1907
  • Fecha de la muerte: 1995

100 1# - ENCABEZAMIENTO-NOMBRE DE PERSONA

  • Nombre de persona: Vega Díaz, Francisco,
  • Fechas asociadas al nombre: 1907-1995

373 ## - GRUPO ASOCIADO

  • Grupo asociado: Ateneo de Madrid
  • Fuente de información: Cargos históricos del Ateneo de Madrid 1835-1936 (Archivo del Ateneo)

375 ## - GÉNERO/SEXO

  • Género: Masculino

400 1# - TRAZADO DE VÉASE--NOMBRE DE PERSONA

  • Nombre de persona: Vega Díaz, F.,
  • Fechas asociadas al nombre: 1907-1995

670 ## - FUENTE DE DATOS ENCONTRADOS

  • Cita de la fuente: Cuatro lecciones de cardiología clínica, 1961
  • Información encontrada: port. (Francisco Vega Díaz)

670 ## - FUENTE DE DATOS ENCONTRADOS

  • Cita de la fuente: Algunos problemas clínicos de la cardiología senil, 1954
  • Información encontrada: port. (F. Vega Díaz)

670 ## - FUENTE DE DATOS ENCONTRADOS

  • Cita de la fuente: Médicos españoles del siglo XX, 2003
  • Información encontrada: (Francisco Vega Díaz; n. 25-08-1907, Sevilla, m. 4-08-1995, Madrid; cardiólogo)

678 ## - DATOS BIOGRÁFICOS O HISTÓRICOS

  • Datos biográficos o históricos: Socio del Ateneo de Madrid. Secretario segundo de la Sección de Medicina en 1932-33. Secretario cuarto de la Sección de Literatura en 1933-34
  • Ampliación de la nota: Fuente: Cargos históricos del Ateneo de Madrid 1835-1936 (Archivo del Ateneo)